<?xml version="1.0" encoding="UTF-8"?>
<collection xmlns="http://www.loc.gov/MARC21/slim">
 <record>
  <leader>01377nam a2200409   4500</leader>
  <controlfield tag="001">DLU050048006</controlfield>
  <controlfield tag="005">##20050629</controlfield>
  <controlfield tag="008">##030327s2003    enka     b    001 0 eng  </controlfield>
  <datafield tag="010" ind1="#" ind2="#">
   <subfield code="a">  2003048456</subfield>
  </datafield>
  <datafield tag="020" ind1="#" ind2="#">
   <subfield code="a">0521529999</subfield>
  </datafield>
  <datafield tag="040" ind1="#" ind2="#">
   <subfield code="a">DLC</subfield>
   <subfield code="c">DLC</subfield>
   <subfield code="d">DLC</subfield>
  </datafield>
  <datafield tag="042" ind1="#" ind2="#">
   <subfield code="a">pcc</subfield>
  </datafield>
  <datafield tag="050" ind1="#" ind2="#">
   <subfield code="a">QA670</subfield>
   <subfield code="b">.G463 2003</subfield>
  </datafield>
  <datafield tag="082" ind1="#" ind2="#">
   <subfield code="a">516.3</subfield>
   <subfield code="b">Geo</subfield>
  </datafield>
  <datafield tag="245" ind1="#" ind2="#">
   <subfield code="a">Geometry and integrability /</subfield>
   <subfield code="c">edited by Lionel Mason and Yavuz Nutku</subfield>
  </datafield>
  <datafield tag="260" ind1="#" ind2="#">
   <subfield code="a">Cambridge ;</subfield>
   <subfield code="a">New York :</subfield>
   <subfield code="b">Cambridge University Press,</subfield>
   <subfield code="c">2003</subfield>
  </datafield>
  <datafield tag="300" ind1="#" ind2="#">
   <subfield code="a">xi, 153 p. :</subfield>
   <subfield code="b">ill. ;</subfield>
   <subfield code="c">23 cm.</subfield>
  </datafield>
  <datafield tag="504" ind1="#" ind2="#">
   <subfield code="a">Includes bibliographical references (p. 152-153) and index.</subfield>
  </datafield>
  <datafield tag="650" ind1="#" ind2="#">
   <subfield code="a">Fiber spaces (Mathematics)</subfield>
  </datafield>
  <datafield tag="650" ind1="#" ind2="#">
   <subfield code="a">Global differential geometry.</subfield>
  </datafield>
  <datafield tag="650" ind1="#" ind2="#">
   <subfield code="a">Twistor theory.</subfield>
  </datafield>
  <datafield tag="700" ind1="#" ind2="#">
   <subfield code="a">Mason, L. J.</subfield>
   <subfield code="q">(Lionel J.)</subfield>
  </datafield>
  <datafield tag="700" ind1="#" ind2="#">
   <subfield code="a">Nutku, Yavuz.</subfield>
  </datafield>
  <datafield tag="830" ind1="#" ind2="#">
   <subfield code="a">London Mathematical Society lecture note series ;</subfield>
   <subfield code="v">295.</subfield>
  </datafield>
  <datafield tag="856" ind1="#" ind2="#">
   <subfield code="3">Sample text</subfield>
   <subfield code="u">http://www.loc.gov/catdir/samples/cam041/2003048456.html</subfield>
  </datafield>
  <datafield tag="856" ind1="#" ind2="#">
   <subfield code="3">Table of contents</subfield>
   <subfield code="u">http://www.loc.gov/catdir/toc/cam031/2003048456.html</subfield>
  </datafield>
  <datafield tag="856" ind1="#" ind2="#">
   <subfield code="3">Publisher description</subfield>
   <subfield code="u">http://www.loc.gov/catdir/description/cam032/2003048456.html</subfield>
  </datafield>
  <datafield tag="923" ind1="#" ind2="#">
   <subfield code="a">21/2005</subfield>
  </datafield>
  <datafield tag="992" ind1="#" ind2="#">
   <subfield code="a">8200</subfield>
  </datafield>
  <datafield tag="994" ind1="#" ind2="#">
   <subfield code="a">DLU</subfield>
  </datafield>
  <datafield tag="900" ind1="#" ind2="#">
   <subfield code="a">True</subfield>
  </datafield>
  <datafield tag="911" ind1="#" ind2="#">
   <subfield code="a">Nguyễn Thị Tố Hạnh</subfield>
  </datafield>
  <datafield tag="925" ind1="#" ind2="#">
   <subfield code="a">G</subfield>
  </datafield>
  <datafield tag="926" ind1="#" ind2="#">
   <subfield code="a">A</subfield>
  </datafield>
  <datafield tag="927" ind1="#" ind2="#">
   <subfield code="a">SH</subfield>
  </datafield>
  <datafield tag="980" ind1="#" ind2="#">
   <subfield code="a">Thư viện Trường Đại học Đà Lạt</subfield>
  </datafield>
 </record>
</collection>
